LGBTQ+ Characters in the MCU - Statistics

General Stats
  • This quiz has been taken 78 times
  • The average score is 4 of 20
Answer Stats
Answer % Correct
Billy Kaplan
53%
Loki
53%
Deadpool
42%
Valkyrie
39%
Agatha Harkness
33%
America Chavez
27%
Korg
22%
Phastos
20%
Sylvie
19%
Rio Vidal
17%
Yukio
13%
Ayo
11%
Negasonic Teenage Warhead
11%
Aneka
8%
Jennifer Kale
6%
Alice Wu-Gulliver
3%
Nikki Ramos
3%
Eddie
2%
Mr. Immortal
2%
Grieving Guy
0%
No matching quizzes found
Score Distribution
Percent of People with Each Score
Percentile by Number Answered
Your Score History
You have not taken this quiz